| 000 | 01042 a2200229 4500 | ||
|---|---|---|---|
| 001 | 40842 | ||
| 005 | 20260407155703.0 | ||
| 008 | 260407a2015 arg spa d | ||
| 003 | AR-UNSa-BCEJYS | ||
| 040 |
_aAR-UNSa-BCEJYS _bspa _cAR-UNSa-BCEJYS |
||
| 080 |
_a001.8 _xMetodología. Estudio general del método. Procedimientos científicos y técnicos para el estudio, La investigación y la discusión |
||
| 245 | 1 | 0 |
_aMetodología de la investigación científica _pdiseño y elaboración de protocolos y proyectos |
| 020 | _a978-987-538-419-4 | ||
| 264 | 1 |
_aBuenos Aires : _bNoveduc _c2015 |
|
| 300 |
_a172 p. _c28 cm. |
||
| 505 | _a1. Investigación y ciencia - 2. El proceso de investigación - 3. El problema - 4. El marco - 5. La hipótesis - 6. El diseño - 7. La población - 8. Los datos - 9. La propuesta | ||
| 041 | _aspa | ||
| 942 | _cBK | ||
| 590 | _aniveau_biblio:m niveau_hierar:0 | ||
| 100 | 1 | _aIglesias, María Emilia | |
| 856 | 4 | 1 |
_uhttps://biblioeco.unsa.edu.ar/pmb/images/libros/L126300.jpg _yImagen de portada _qimage/jpeg |
| 999 |
_c3314 _d3314 |
||